Central Library OPAC University of Rajshahi

Measuring the condition of the world's poor : (Record no. 43065)

MARC details
000 -LEADER
fixed length control field 01016nam a2200289 a 4500
001 - CONTROL NUMBER
control field 43065
003 - CONTROL NUMBER IDENTIFIER
rucl marc code BD-RjUL
005 - DATE AND TIME OF LATEST TRANSACTION
control field 20211209053636.0
008 - FIXED-LENGTH DATA ELEMENTS--GENERAL INFORMATION
fixed length control field 160619s1979 nyua b 001 0 eng
020 ## - INTERNATIONAL STANDARD BOOK NUMBER
International Standard Book Number 0080238904
International Standard Book Number 0080238890 (pbk.)
035 ## - SYSTEM CONTROL NUMBER
System control number (BD-RjUL)43183
040 ## - CATALOGING SOURCE
Original cataloging agency DLC
Transcribing agency DLC
Modifying agency DLC
-- BD-RjUL
Language of cataloging eng
041 ## - LANGUAGE CODE
Language code of text/sound track or separate title eng
082 00 - DEWEY DECIMAL CLASSIFICATION NUMBER
Classification number 330.91724
Edition number 23
Author mark and year MOM 1979
100 1# - MAIN ENTRY--PERSONAL NAME
Personal name Morris, Morris David.
9 (RLIN) 132242
245 10 - TITLE STATEMENT
Title Measuring the condition of the world's poor :
Remainder of title the physical quality of life index /
Statement of responsibility, etc. Morris David Morris.
260 ## - PUBLICATION, DISTRIBUTION, ETC. (IMPRINT)
Place of publication, distribution, etc. New York :
Name of publisher, distributor, etc. Published for the Overseas Development Council by Pergamon Press,
Date of publication, distribution, etc. c1979.
300 ## - PHYSICAL DESCRIPTION
Pagination xiv, 176 p. :
Illustrations ill. ;
Size 24 cm.
490 0# - SERIES STATEMENT
Series statement Pergamon policy studies
500 ## - GENERAL NOTE
General note Includes index.
650 #0 - SUBJECT ADDED ENTRY--TOPICAL TERM
Topical term or geographic name as entry element Poor
Geographic subdivision Developing countries.
9 (RLIN) 132243
Topical term or geographic name as entry element Economic indicators
Geographic subdivision Developing countries.
9 (RLIN) 132244
Topical term or geographic name as entry element Social indicators
Geographic subdivision Developing countries.
9 (RLIN) 132245
830 ## - SERIES ADDED ENTRY--UNIFORM TITLE
Uniform title Pergamon policy studies
942 ## - ADDED ENTRY ELEMENTS (KOHA)
Source of classification or shelving scheme Dewey Decimal Classification
Koha item type Books
Holdings
Lost status Source of classification or shelving scheme Damaged status Not for loan Collection code Permanent Location Current Location Shelving location Date acquired Source of acquisition Cost, normal purchase price Total Checkouts Full call number Date last seen Copy number Koha item type
  Dewey Decimal Classification     Non-fiction Central Library, University of Rajshahi Central Library, University of Rajshahi   22/01/1981 Hellus 3.00   330.91724 MOM 1979 19/06/2016 C-2 Books
  Dewey Decimal Classification     Non-fiction Central Library, University of Rajshahi Central Library, University of Rajshahi   22/01/1981 Hellus 3.00   330.91724 MOM 1979 19/06/2016 C-3 Books